now that's what i call music 114 - Statistics

General Stats
  • This quiz has been taken 9 times
  • The average score is 18 of 50
Answer Stats
track artists song title % Correct
7 Pink Pantheress boy's a liar
80%
4 the Weeknd and Ariana Grande die for you
80%
5 Raye escapism
80%
6 SZA kill bill
80%
14 Tiesto ft tate McRae 10:35
60%
2 Rema and Selena Gomez Calm down
60%
11 Lizzy mcAlpine ceilings
60%
12 Niall Horan heaven
60%
1 Calvin Harris, sam smith & jessie reyez I'm not here to make friends
60%
3 Meghan Trainor made you look
60%
1 Lewis Capaldi Pointless
60%
13 Mimi Webb red flags
60%
8 Lizzo special
60%
25 Lady gaga Bloody mary
40%
4 Metro Boomin, the weeknd and 21 savage Creepin
40%
24 Lana Del ray did you know that theres a tunnel under ocean blvd
40%
21 Shania twain giddy up
40%
17 Ellie Goulding like a saviour
40%
16 joel Corry and tom grennan lionheart
40%
2 Pink never gonna dance again
40%
8 sabrina carpenter Nonsense
40%
22 jessie ware pearls
40%
3 Coi leray Players
40%
15 switch disco and Ella Henderson react
40%
19 Jonas Brothers wings
40%
18 Years and years 100% pure love
20%
20 Simply Red better with you
20%
25 Noel gallgher's high flying birds easy now
20%
10 Stormzy and Debbie fire babe
20%
19 Adam Lambert getting older
20%
23 beabadoobee glue song
20%
18 Tom Grennan here
20%
22 d4vd here with me
20%
21 Dean Lewis how do i say goodbye
20%
7 Mae Stephens if we ever broke up
20%
20 Cian Ducrot i'll be waiting
20%
11 Central cee let go
20%
17 the KID Laroi love again
20%
9 Venbee X goddard messy in heaven
20%
15 Oliver tree & Robin Schulz miss you
20%
12 Bshp,&b issy cross, nathan dawe X Bru-c oh baby
20%
23 Chvrches over
20%
5 Libianca People
20%
6 caity Baser Pretty Boys
20%
13 Sub focus and dimension ready to fly
20%
10 Skrillex, Fred Again & Flowdan rumble
20%
24 Paramore running out of time
20%
9 miguel sure thing
20%
16 KSI ft Oliver tree voices
20%
14 jax jones and Calum Scott whistle
20%
No matching quizzes found
Score Distribution
Percent of People with Each Score
Percentile by Number Answered
Your Score History
You have not taken this quiz